| 000 | 00349nam a2200133Ia 4500 | ||
|---|---|---|---|
| 008 | 230711s9999||||xx |||||||||||||| ||und|| | ||
| 041 | _aENG | ||
| 082 |
_a621.382 _bRA-M |
||
| 100 | _aRao,K.R | ||
| 245 | 0 | _aMultimedia communication systems | |
| 260 |
_c2010 _aNew Delhi _bPHI Learning Private Limited |
||
| 650 | _aElectrical Engineering | ||
| 942 | _cBK | ||
| 999 |
_c7704 _d7704 |
||